Every French Leader - Statistics

General Stats
  • This quiz has been taken 546 times
    542 since last reset
  • The average score is 81 of 234
Answer Stats
Reign Leader % Correct
1643-1715 Louis XIV
95%
814-840 Louis I
94%
863-875 | 877-879 Louis II
94%
879-882 Louis III
94%
936-954 Louis IV
94%
1226-1270 Louis IX
94%
887-928 Louis the Blind
94%
900-911 Louis the Child
94%
869-888 | 870-880 Louis the German
94%
877-879 Louis the Stammerer
94%
880-882 Louis the Younger
94%
986-987 Louis V
94%
1108-1137 Louis VI
94%
1137-1180 Louis VII
94%
1223-1226 Louis VIII
94%
1314-1316 Louis X
94%
1461-1483 Louis XI
94%
1498-1515 Louis XII
94%
1610-1643 Louis XIII
94%
1715-1774 Louis XV
94%
1774-1792 Louis XVI
94%
1793-1795 (claimant during the French Revolution) Louis XVII
94%
1814-1815 | 1815-1824 Louis XVIII
94%
2017-present Emmanuel Macron
92%
768-814 Charlemagne
89%
1848-1852 Louis-Napoleon Bonaparte
89%
1799 | 1799-1804 Napoleon Bonaparte
89%
1944-1946 | 1959-1969 Charles de Gaulle
87%
1804-1814 | 1815 Napoleon I
86%
1815 Napoleon II
86%
1852-1870 Napoleon III
86%
840-877 Charles II
82%
885-888 Charles III
82%
1322-1328 Charles IV
82%
1560-1574 Charles IX
82%
855-863 Charles of Provence
82%
843-877 | 869-870 | 869-888 | 875-877 Charles the Bald
82%
882-887 | 885-888 Charles the Fat
82%
898-922 | 911-923 Charles the Simple
82%
1364-1380 Charles V
82%
1380-1422 Charles VI
82%
1422-1461 Charles VII
82%
1483-1498 Charles VIII
82%
1824-1830 Charles X
82%
2007-2012 Nicolas Sarkozy
70%
2012-2017 Francois Hollande
63%
1995-2007 Jacques Chirac
62%
1981-1995 Francois Mitterrand
61%
1031-1060 Henry I
60%
1547-1559 Henry II
60%
1574-1589 Henry III
60%
1589-1610 Henry IV
60%
1180-1223 Philip II
58%
1793-1794 Maximilien Robespierre
56%
1060-1108 Philip I
51%
1270-1285 Philip III
51%
1285-1314 Philip IV
51%
1316-1322 Philip V
51%
1328-1350 Philip VI
51%
1940-1944 Philippe Petain
48%
1316 John I
46%
1350-1364 John II
46%
1969-1974 Georges Pompidou
43%
509-511 Clovis I
41%
639-657 Clovis II
41%
675 Clovis III
41%
691-695 Clovis IV
41%
1515-1547 Francis I
40%
1559-1560 Francis II
40%
1974-1981 Valery Giscard d'Estaing
40%
1830-1848 Louis-Philippe I
38%
922-923 Robert I
38%
996-1031 Robert II
38%
751-768 Pepin the Short
30%
52 BC Vercingetorix
28%
768-771 Carloman I
27%
882-884 Carloman II
27%
1793 Georges Danton
26%
1793 Georges Jacques Danton
26%
911-933 Hugh
24%
662-675 | 673-675 Childeric II
20%
743-751 Childeric III
20%
954-986 Lothair
20%
855-869 Lothair II
20%
987-996 Hugh Capet
19%
1954-1959 Rene Coty
19%
1913-1920 Raymond Poincare
18%
1871 | 1871-1873 Adolphe Thiers
16%
737-743 Charles Martel
16%
623-634 | 629-639 Dagobert I
16%
675-679 Dagobert II
16%
711-715 Dagobert III
16%
1946-1947 Leon Blum
16%
923-936 Rudolph
16%
888-912 Rudolph I
16%
912-937 Rudolph II
16%
993-1032 Rudolph III
16%
888-898 Odo of Paris
15%
1946 (interim) | 1947-1954 Vincent Auriol
14%
1932-1940 Albert Lebrun
13%
1873-1879 Patrice de MacMahon
13%
1799-1804 Charles-Francois Lebrun
12%
567-584 Chilperic I
12%
715-717 | 715-721 | 720-721 Chilperic II
12%
1895-1899 Felix Faure
12%
1887-1894 Marie Francois Sadi Carnot
12%
1931-1932 Paul Doumer
11%
1848 Pierre Marie de Saint-Georges
11%
1920-1924 Alexandre Millerand
10%
1924-1931 Gaston Doumergue
10%
1920 Paul Deschanel
10%
1969 (interim) | 1974 (interim) Alain Poher
9%
1879-1887 Jules Grevy
9%
511-558 Childebert I
8%
575-595 Childebert II
8%
656-661 | 695-711 Childebert III
8%
1799 Emmanuel-Joseph Sieyes
8%
1799 Emmanuel Joseph Sieyes
8%
1906-1913 Armand Fallieres
7%
879-887 Boso
7%
1894-1895 Jean Casimir-Perier
7%
1899-1906 Emile Loubet
6%
1795-1799 Paul Barras
6%
511-533 Theuderic I
5%
612-613 Theuderic II
5%
675-691 | 679-691 Theuderic III
5%
721-737 Theuderic IV
5%
1848 Alphonse de Lamartine
4%
1793 Andre Jeanbon Saint Andre
4%
555-561 | 558-561 Chlothar I
4%
584-629 | 613-623 Chlothar II
4%
657-673 | 661-662 Chlothar III
4%
717-720 Chlothar IV
4%
1795 | 1799-1804 Jean Jacques Regis de Cambaceres
4%
1795-1797 Lazare Carnot
4%
1848 Louis-Eugene Cavaignac
4%
1799 Roger Ducos
4%
1848 Alexandre Auguste Ledru-Rollin
3%
887-895 Arnulf
3%
1946 Felix Gouin
3%
1946 Georges Bidault
3%
1793 Jean-Paul Rabaut Saint-Etienne
3%
561-575 Sigebert I
3%
613 Sigebert II
3%
634-656 Sigebert III
3%
561-567 Charibert I
2%
937-993 Conrad I
2%
1848 Francois Arago
2%
1792 Henri Gregoire
2%
1799 Jean-Francois-Auguste Moulin
2%
1795-1799 Jean-Francois Rewbell
2%
1792 Jerome Petion de Villeneuve
2%
1799 Louis-Jerome Gohier
2%
1870-1871 Louis Jules Trochu
2%
548-555 Theudebald
2%
533-548 Theudebert I
2%
595-612 Theudebert II
2%
1793 Armand Gensonne
1%
1792 Bertrand Barere de Vieuzac
1%
1793 Edmond Louis Alexis Dubois-Crance
1%
1795-1797 Etienne-Francois Letourneur
1%
1797 Francois Barthelemy
1%
1797-1798 Francois de Neufchateau
1%
1793 Francois-Rene-Auguste Mallarme
1%
1793 Jacques Alexis Thuriot de la Rosiere
1%
1848 Jacques-Charles Dupont de l'Eure
1%
1792 Jacques Defermon des Chapelieres
1%
1794 Jacques Nicolas Billaud-Varenne
1%
1793 Jean Antoine Joseph Debry
1%
1793 Jean-Baptiste Boyer-Fonfrede
1%
1792-1793 | 1798-1799 Jean-Baptiste Treilhard
1%
1793 Jean-Francois-Bertrand Delmas
1%
1792 Jean-Francois Delacroix
1%
1793 Jean-Jacques Breard
1%
1793 Jean-Marie Collot d'Herbois
1%
1848 Louis-Antoine Garnier-Pages
1%
1795-1799 Louis-Marie de La Revelliere-Lepeaux
1%
1793 Marc David Alba Lasource
1%
1792 Marguerite-Elie Guadet
1%
1792 | 1793 Marie-Jean Herault de Sechelles
1%
1793 Maximin Isnard
1%
1795 | 1797-1799 Philippe-Antoine Merlin de Douai
1%
1792 Philippe Ruhl
1%
1793 Pierre Victurnien Vergniaud
1%
895-900 Zwentibold
1%
No matching quizzes found
Score Distribution
Percent of People with Each Score
Percentile by Number Answered
Your Score History
You have not taken this quiz since the last reset